00539nam a2200181Ia 4500008004100000020001500041040001800056041000800074100002500082245005500107250001200162260004900174300001800223650003300241650003300274650001600307650003400323130821s2007 ck gr spa  a9584216878 aCo-BoUCMbspa00aspa1 aBessudo, Jean-Claude10aImprovisación estratégicacJean-Claude Bessudo a2a. Ed. aBogotá (Colombia)bEditorial Planetac2007 a198 páginas04aAdministración de empresas04aAdministración de personal04aEntrevistas04aPlanificación estratégica